The action of Ben Jonson's poetry /

Bibliographic Details
Main Author: Van den Berg, Sara J.
Format: Book
Language:English
Published: Newark : London : University of Delaware Press ; Associated University Presses, [1987]
Subjects:

MARC

Tag First Indicator Second Indicator Subfields
LEADER 00000cam a22000008a 4500
001 in00000007688
005 20151002060017.0
008 860904s1987 nju b 00110 eng
010 |a  86040217  
020 |a 0874133084 (alk. paper) 
035 |a (OCoLC)14240935 
035 |9 AAA0015AM 
040 |a DLC  |c DLC  |d m/c  |d TXA  |d UtOrBLW 
050 0 0 |a PR2642.P63  |b V36 1987 
082 0 |a 822/.3  |2 19 
100 1 |a Van den Berg, Sara J. 
245 1 4 |a The action of Ben Jonson's poetry /  |c Sara J. van den Berg. 
263 |a 8712 
264 1 |a Newark :  |b University of Delaware Press ;  |a London :  |b Associated University Presses,  |c [1987] 
264 4 |c ©1987 
300 |a 220 pages 
336 |a text  |b txt  |2 rdacontent 
337 |a unmediated  |b n  |2 rdamedia 
338 |a volume  |b nc  |2 rdacarrier 
504 |a Bibliography: pages 202-216. 
500 |a Includes index. 
600 1 0 |a Jonson, Ben,  |d 1573?-1637  |x Poetic works. 
999 |a MARS 
999 f f |s a89973f2-b46f-31da-aba6-96cadf076b55  |i 5f08a462-7568-3834-a56b-cb935b515cdb  |t 0 
952 f f |p normal  |a Texas A&M University  |b College Station  |c Sterling C. Evans Library  |d Evans: Library Stacks  |t 0  |e PR2642.P63 V36 1987  |h Library of Congress classification  |i unmediated -- volume  |m A14812557874 
998 f f |a PR2642.P63 V36 1987  |t 0  |l Evans: Library Stacks